MARC details
| 000 -LÍDER |
| campo de controle de tamanho fixo |
00907 a2200277 4500 |
| 001 - NÚMERO DE CONTROLE |
| campo de controle |
112176 |
| 020 ## - ISBN - INTERNATIONAL STANDARD BOOK NUMBER |
| ISBN - International Standard Book Number |
9780669471861 |
| 020 ## - ISBN - INTERNATIONAL STANDARD BOOK NUMBER |
| ISBN - International Standard Book Number |
9780669529951 |
| 041 ## - CÓDIGO DE IDIOMA |
| Código do idioma do texto/trilha sonora ou título diferente |
por |
| 090 ## - NÚMERO DE CHAMADA LOCAL |
| Número de chamada (OCLC) (R); Número de chamada, CALL (RLIN) (NR) |
Year 6 808 |
| 040 ## - FONTE DA CATALOGAÇÃO |
| Instituição da catalogação original |
BR-BrIDEA |
| Instituição que transcreveu o registro |
BR-BrIDEA |
| 100 ## - ENTRADA PRINCIPAL--NOME PESSOAL |
| Nome pessoal |
Sebranek, Patrick. |
| 250 ## - EDIÇÃO |
| Edição |
. ed. |
| 245 10 - TÍTULO |
| Título |
Writers INC |
| Restante do título |
a student handbook for writing and learning |
| Indicação de responsabilidade, etc. |
Patrick Sebranek |
| 260 ## - PUBLICAÇÃO, DISTRIBUIÇÃO, ETC. |
| Local de publicação, distribuição, etc. |
[S.l.] |
| Nome do editor, distribuidor, etc. |
Write Source |
| Data da publicação, distribuição, etc. |
2001 |
| 300 ## - DESCRIÇÃO FÍSICA |
| Extensão |
ix, 598 p. |
| 697 ## - ENTRADA DE ASSUNTO LOCAL--ENTIDADE COLETIVA (RLIN) |
| Nome corporativo ou nome da jurisdição |
English language - Composition and exercises. |
| 697 ## - ENTRADA DE ASSUNTO LOCAL--ENTIDADE COLETIVA (RLIN) |
| Nome corporativo ou nome da jurisdição |
Authorship - Handbooks, manuals, etc. |
| 697 ## - ENTRADA DE ASSUNTO LOCAL--ENTIDADE COLETIVA (RLIN) |
| Nome corporativo ou nome da jurisdição |
English language - Rhetoric - Handbooks, manuals, etc. |
| 697 ## - ENTRADA DE ASSUNTO LOCAL--ENTIDADE COLETIVA (RLIN) |
| Nome corporativo ou nome da jurisdição |
Creative writing - Handbooks, manuals, etc. |
| 697 ## - ENTRADA DE ASSUNTO LOCAL--ENTIDADE COLETIVA (RLIN) |
| Nome corporativo ou nome da jurisdição |
Report writing - Handbooks, manuals, etc. |
| 697 ## - ENTRADA DE ASSUNTO LOCAL--ENTIDADE COLETIVA (RLIN) |
| Nome corporativo ou nome da jurisdição |
Rhetoric - Handbooks, manuals, etc. |
| 697 ## - ENTRADA DE ASSUNTO LOCAL--ENTIDADE COLETIVA (RLIN) |
| Nome corporativo ou nome da jurisdição |
Study skills - Handbooks, manuals, etc. |
| 856 ## - LOCALIZAÇÃO ELETRÔNICA E ACESSO |
| Uniform Resource Identifier |
<a href="000020/0000204c.jpg">000020/0000204c.jpg</a> |
| 942 ## - ELEMENTOS DE ENTRADA ADICIONADOS (KOHA) |
| Tipo de material Koha |
Livros |